01010cam a2200313 c 4500001000700000003000900007005001700016007000700033008004100040020001800081035000600099040002500105080000600130082002100136100003500157245006700192250000600259260003500265300002100300490003500321500004400356586003600400600008800436650002200524650002300546650004400569650004800613830003500661a5087 DO-SdBNP20171121094505.0a5087 110721s2011 sp g |||| 000 f spa  a9788466324779 a  aBPMSUbspacBPMSUe  a  4aPe864.44 bV297c1 aVargas Llosa, Mario,d1936-4 10aCarta de batalla por Tirant lo Blanc /h cMario Vargas Llosa. a  aMadrid : bSantillana, c2011. a109 p. ;c19 cm.1 aPunto de lectura. Ensayov4/23 aIncluye datos biográficos del autor  aPremio Nobel de Literatura 201017aMARTORELL, JOANOT, d 1414-1468tTIRANT LO BLANC 2 xCRÍTICA E INTERPRETACIÓN  aENSAYOS PERUANOS  aLITERATURA PERUANA aNOVELA ESPAÑOLAbHISTORIA Y CRÍTICA aLITERATURA ESPAÑOLAbHISTORIA Y CRÍTICA aPunto de lectura. Ensayov4/23